000 00864nam a2200289Ia 4500
001 F3484
003 IT-RoPAU
008 130308s9999 xx 000 0 und d
040 _aIT-RoPAU
040 _cIT-RoPAU
041 _aITALIANO
100 _aMartini Andrea
100 _gCodice Aut. SPICS: 4094
245 _a"Diderot, Cocteau, Bresson: ""Les dames du Bois de Boulogne"""
245 _bCaso e la Necessita' (Il). Il Cinema di Robert Bresson
250 _a1a ed.
260 _aTORINO
260 _bLindau
260 _c1998 [1° Ed.:1998 - Ed.Ling.Originale:1998]
300 _a"7 p. (prefazione: no ; testo: 7 [pagine: 71-77])"
500 _aRiflessioni Sul Film di Robert Bresson e Sul suo Cinema in Generale.
650 _aAUTORI/OPERE DEL CINEMA
650 _eCodice materia Spics: 6807
942 _cBK
957 _71
999 _c83100
_d83100
999 _g1